000 00897cam a2200277 a 4500
001 14421301
003 OSt
005 20170420173251.0
008 060620s2006 nyua b 001 0 eng
010 _a 2006278501
020 _a0071105107
040 _aDLC
_cDLC
_dDLC
050 0 0 _aRD31
_b.C89 2006
082 0 0 _aWO 100 D68c 2006
_222
100 _aEdited by Doherty, Gerard E.; Way, Lawrence W.
_912109
245 0 0 _aCurrent Surgical Diagnosis & Treatment
250 _a12th ed.
260 _aNew York;
_bLange Medical Books,
_cc2006.
300 _axviii, 1453 p. :
_bcol.ill:
_c24 cm.
504 _aIncludes bibliographical references and index.
650 0 _aSurgery.
_9323
650 0 _aDiagnosis, Surgical.
_9872
856 4 1 _3Table of contents only
_uhttp://www.loc.gov/catdir/toc/fy0610/2006278501.html
906 _a7
_bcbc
_corigcop
_d2
_encip
_f20
_gy-gencatlg
942 _2z
_cSLOAN
999 _c1345
_d1345